<?xml version="1.0" encoding="UTF-8"?><?xml-stylesheet type="text/xsl" href="static/style.xsl"?><OAI-PMH xmlns="http://www.openarchives.org/OAI/2.0/" xmlns:xsi="http://www.w3.org/2001/XMLSchema-instance" xsi:schemaLocation="http://www.openarchives.org/OAI/2.0/ http://www.openarchives.org/OAI/2.0/OAI-PMH.xsd"><responseDate>2026-04-17T11:30:17Z</responseDate><request verb="GetRecord" identifier="oai:www.recercat.cat:2072/456365" metadataPrefix="marc">https://recercat.cat/oai/request</request><GetRecord><record><header><identifier>oai:recercat.cat:2072/456365</identifier><datestamp>2026-03-31T05:20:43Z</datestamp><setSpec>com_2072_98</setSpec><setSpec>col_2072_378192</setSpec></header><metadata><record xmlns="http://www.loc.gov/MARC21/slim" xmlns:dcterms="http://purl.org/dc/terms/" xmlns:xsi="http://www.w3.org/2001/XMLSchema-instance" xmlns:doc="http://www.lyncode.com/xoai" xsi:schemaLocation="http://www.loc.gov/MARC21/slim http://www.loc.gov/standards/marcxml/schema/MARC21slim.xsd">
   <leader>00925njm 22002777a 4500</leader>
   <datafield ind2=" " ind1=" " tag="042">
      <subfield code="a">dc</subfield>
   </datafield>
   <datafield ind2=" " ind1=" " tag="720">
      <subfield code="a">Betrán Moya, José Luis</subfield>
      <subfield code="e">author</subfield>
   </datafield>
   <datafield ind2=" " ind1=" " tag="260">
      <subfield code="c">2021</subfield>
   </datafield>
   <datafield ind2=" " ind1=" " tag="520">
      <subfield code="a">Reseña del libro: Mackay, Ruth (2019) Life in a Time of Pestilence. The Great Castilian Plague of 1596-1601 Cambridge: Cambridge University Press. 275 p. ISBN 978-1-108-49820-3.</subfield>
   </datafield>
   <datafield ind2=" " ind1=" " tag="520">
      <subfield code="a">Ressenya del llibre:Mackay, Ruth (2019)Life in a Time of Pestilence. The Great Castilian Plague of 1596-1601Cambridge: Cambridge University Press. 275 p.ISBN 978-1-108-49820-3.</subfield>
   </datafield>
   <datafield ind2=" " ind1=" " tag="520">
      <subfield code="a">Review of:Mackay, Ruth (2019)Life in a Time of Pestilence. The Great Castilian Plague of 1596-1601Cambridge: Cambridge University Press. 275 p.ISBN 978-1-108-49820-3.</subfield>
   </datafield>
   <datafield ind2="0" ind1="0" tag="245">
      <subfield code="a">MacKay, Ruth : Life in a Time of Pestilence. The Great Castilian Plague of 1596-1601 (Cambridge, 2019)</subfield>
   </datafield>
</record></metadata></record></GetRecord></OAI-PMH>